[Event "Naukograd Koltsovo op"]
[Site "Novosibirsk"]
[Date "2009.07.01"]
[Round "4"]
[White "Ozonov, Erzhen"]
[Black "Parkhomenko, Alexander"]
[Result "0-1"]
[WhiteElo "1849"]
[BlackElo "1967"]
[PlyCount "78"]
[EventDate "2009.06.28"]
[EventType "swiss"]
[EventRounds "9"]
[EventCountry "RUS"]
[SourceTitle "EXT 2021"]
[Source "ChessBase"]
[SourceDate "2020.10.23"]
[SourceVersion "1"]
[SourceVersionDate "2020.10.23"]
[SourceQuality "1"]

1. e4 c5 2. Nf3 Nc6 3. d4 cxd4 4. Nxd4 Nf6 5. Nc3 d6 6. Bc4 e6 7. Be3 Be7 8. 0-0 0-0 9. a3 a6 10. f4 Qc7 11. Ba2 b5 12. f5 Nxd4 13. Bxd4 e5 14. Be3 Bb7 15. Nd5 Bxd5 16. Bxd5 Nxd5 17. exd5 Rfc8 18. Rc1 Qc4 19. Qd2 Rab8 20. b3 Qc3 21. Rf2 Qxd2 22. Rxd2 Rc3 23. Kf2 Rbc8 24. Re2 h6 25. Ke1 Kh7 26. Kd1 Bg5 27. Kd2 R8c5 28. b4 R5c4 29. Bxg5 hxg5 30. Re3 Rxe3 31. Kxe3 Rd4 32. c4 bxc4 33. a4 Kg8 34. b5 axb5 35. axb5 Rxd5 36. Rxc4 Rxb5 37. Rc8+ Kh7 38. Rd8 Rd5 39. Kf3 Rd4 0-1

[Event "Novosibirsk Academ Rating"]
[Site "Novosibirsk"]
[Date "2008.05.30"]
[Round "4"]
[White "Koskin, Anton"]
[Black "Ozonov, Erzhen"]
[Result "1-0"]
[WhiteElo "1935"]
[BlackElo "1848"]
[PlyCount "63"]
[EventDate "2008.05.30"]
[EventType "tourn"]
[EventRounds "7"]
[EventCountry "RUS"]
[SourceTitle "EXT 2022"]
[Source "ChessBase"]
[SourceDate "2021.10.06"]
[SourceVersion "1"]
[SourceVersionDate "2021.10.06"]
[SourceQuality "1"]

1. d4 d5 2. Nc3 c6 3. Nf3 Nf6 4. Bg5 e6 5. e3 h6 6. Bh4 Bb4 7. a3 Bxc3+ 8. bxc3 g5 9. Bg3 Ne4 10. c4 Nd7 11. Bd3 Nxg3 12. hxg3 b6 13. Qd2 Ba6 14. cxd5 Bxd3 15. dxe6 Be4 16. exd7+ Qxd7 17. Ne5 Qd5 18. c4 Qe6 19. f3 f6 20. Nd3 Bg6 21. Nb4 a5 22. Nc2 Qxc4 23. Rc1 Rc8 24. Kf2 Qb3 25. e4 c5 26. Rb1 Qe6 27. d5 Qd6 28. Ne3 c4 29. Qd4 Qxa3 30. Qxf6 Rg8 31. Qe6+ Kf8 32. Qxc8+ 1-0

[Event "Novosibirsk Academ Rating"]
[Site "Novosibirsk"]
[Date "2008.05.30"]
[Round "7"]
[White "Ozonov, Erzhen"]
[Black "Belov, Alexandr"]
[Result "1/2-1/2"]
[WhiteElo "1848"]
[BlackElo "2024"]
[PlyCount "48"]
[EventDate "2008.05.30"]
[EventType "tourn"]
[EventRounds "7"]
[EventCountry "RUS"]
[SourceTitle "EXT 2022"]
[Source "ChessBase"]
[SourceDate "2021.10.06"]
[SourceVersion "1"]
[SourceVersionDate "2021.10.06"]
[SourceQuality "1"]

1. e4 e5 2. Nf3 Nc6 3. Bc4 Nf6 4. d3 Bc5 5. Nc3 h6 6. 0-0 d6 7. h3 Na5 8. Bb3 Nxb3 9. axb3 a6 10. Be3 Bxe3 11. fxe3 0-0 12. Nd5 Nxd5 13. exd5 f5 14. Nd2 Qg5 15. Qf3 Bd7 16. Rf2 Rf6 17. Raf1 Qh4 18. b4 Raf8 19. Kh2 f4 20. exf4 Rxf4 21. Qg3 Qxg3+ 22. Kxg3 g5 23. Ne4 Kg7 24. c4 b6 1/2-1/2